[Event "Michigan Amateur op"]
[Site "Kalamazoo"]
[Date "2004.10.24"]
[Round "4"]
[White "Hoyt, Kevin"]
[Black "Crane, John"]
[Result "1/2-1/2"]
[WhiteElo "981"]
[BlackElo "1266"]
[PlyCount "56"]
[EventDate "2004.10.23"]
[EventType "swiss"]
[EventRounds "5"]
[EventCountry "USA"]
[SourceTitle "EXT 2007"]
[Source "ChessBase"]
[SourceDate "2006.11.23"]
[SourceVersion "1"]
[SourceVersionDate "2006.11.23"]
[SourceQuality "1"]

1. c4 d6 2. Nc3 Nf6 3. g3 c6 4. e4 e5 5. Bg2 Be6 6. d3 Nbd7 7. Nge2 Be7 8. a3 0-0 9. Be3 a6 10. Qd2 Ng4 11. h3 Nxe3 12. fxe3 b5 13. b3 Nc5 14. Rb1 Qb6 15. d4 Nb7 16. d5 Bd7 17. h4 c5 18. Bh3 Rfd8 19. Bg2 b4 20. Na2 a5 21. Bf3 Qc7 22. 0-0 Qc8 23. Bh5 Rf8 24. Rf2 Bg4 25. Bxg4 Qxg4 26. Rh2 Qxe4 27. Rf1 Qg4 28. a4 Nd8 1/2-1/2

[Event "Kalamazoo op"]
[Site "Kalamazoo"]
[Date "2003.10.26"]
[Round "5.24"]
[White "Brady, John"]
[Black "Crane, John"]
[Result "1-0"]
[WhiteElo "1073"]
[BlackElo "1248"]
[PlyCount "55"]
[EventDate "2003.10.25"]
[EventType "swiss"]
[EventRounds "5"]
[EventCountry "USA"]
[SourceTitle "EXT 2007"]
[Source "ChessBase"]
[SourceDate "2006.11.23"]
[SourceVersion "1"]
[SourceVersionDate "2006.11.23"]
[SourceQuality "1"]

1. e4 d6 2. Nf3 g6 3. d3 Bg7 4. c4 c5 5. Be2 Nf6 6. Be3 0-0 7. Nc3 a6 8. Qd2 b6 9. Bh6 Bb7 10. Bxg7 Kxg7 11. 0-0 e6 12. b3 Qc7 13. Rac1 Nc6 14. Qg5 Rad8 15. Rce1 Rfe8 16. Bd1 Ne5 17. Nxe5 dxe5 18. Re3 Qe7 19. f4 exf4 20. Rxf4 Nd7 21. Qg3 f5 22. exf5 Qf6 23. fxg6 Qxg6 24. Rg4 Rf8 25. Rxg6+ hxg6 26. Rxe6 Nf6 27. Re7+ Rf7 28. Rxf7+ 1-0

[Event "Kalamazoo op"]
[Site "Kalamazoo"]
[Date "2003.10.25"]
[Round "3.9"]
[White "Crane, John"]
[Black "Homa, Seth"]
[Result "0-1"]
[WhiteElo "1248"]
[BlackElo "1888"]
[PlyCount "72"]
[EventDate "2003.10.25"]
[EventType "swiss"]
[EventRounds "5"]
[EventCountry "USA"]
[SourceTitle "EXT 2007"]
[Source "ChessBase"]
[SourceDate "2006.11.23"]
[SourceVersion "1"]
[SourceVersionDate "2006.11.23"]
[SourceQuality "1"]

1. Nf3 d5 2. d4 Nf6 3. g3 e6 4. Bg2 Be7 5. 0-0 0-0 6. Re1 c5 7. c3 Nc6 8. e3 b6 9. Nbd2 Bb7 10. Qc2 Rc8 11. Ne5 Nxe5 12. dxe5 Nd7 13. Nf3 Qc7 14. b3 Nxe5 15. Nxe5 Qxe5 16. Bb2 Qc7 17. Rad1 c4 18. b4 Rfd8 19. Qe2 Bc6 20. Bc1 Bf6 21. Qc2 b5 22. Re2 g6 23. Bb2 Rd7 24. Qc1 Rcd8 25. Red2 Qe5 26. Rd4 Qh5 27. R4d2 Qf5 28. a3 h5 29. h3 e5 30. Kh2 h4 31. g4 Qe6 32. Qc2 e4 33. Re2 Qe5+ 34. Kh1 Be7 35. f4 exf3 36. Bxf3 d4 0-1

[Event "Auburn Hills op"]
[Site "Auburn Hills"]
[Date "2003.04.26"]
[Round "3"]
[White "Crane, John"]
[Black "Speight, Timothy"]
[Result "0-1"]
[WhiteElo "1246"]
[BlackElo "1275"]
[PlyCount "44"]
[EventDate "2003.04.26"]
[EventType "swiss"]
[EventRounds "5"]
[EventCountry "USA"]
[SourceTitle "EXT 2007"]
[Source "ChessBase"]
[SourceDate "2006.11.23"]
[SourceVersion "1"]
[SourceVersionDate "2006.11.23"]
[SourceQuality "1"]

1. d4 Nf6 2. Nf3 e6 3. e3 b6 4. Bd3 Bb7 5. Nbd2 d5 6. Qe2 Nbd7 7. e4 dxe4 8. Nxe4 c5 9. c3 Qc7 10. g3 Qc6 11. Bb5 Qxe4 12. Bxd7+ Kxd7 13. Qxe4 Nxe4 14. Ne5+ Ke8 15. 0-0 Bd6 16. f3 Nf6 17. Be3 Bxe5 18. dxe5 Nd5 19. Rae1 Nxe3 20. Rxe3 Rd8 21. Kf2 Ke7 22. Ke2 Ba6+ 0-1

[Event "Auburn Hills op"]
[Site "Auburn Hills"]
[Date "2003.04.26"]
[Round "2"]
[White "Sanders, Travis"]
[Black "Crane, John"]
[Result "0-1"]
[WhiteElo "1367"]
[BlackElo "1246"]
[PlyCount "106"]
[EventDate "2003.04.26"]
[EventType "swiss"]
[EventRounds "5"]
[EventCountry "USA"]
[SourceTitle "EXT 2007"]
[Source "ChessBase"]
[SourceDate "2006.11.23"]
[SourceVersion "1"]
[SourceVersionDate "2006.11.23"]
[SourceQuality "1"]

1. e4 d6 2. d4 g6 3. f4 Bg7 4. Nf3 c5 5. Be3 Qb6 6. b3 Nc6 7. c3 Bg4 8. Be2 Bxf3 9. Bxf3 cxd4 10. cxd4 Nxd4 11. Bf2 Qb4+ 12. Nd2 Nxf3+ 13. Qxf3 Bxa1 14. 0-0 Qxd2 15. Rxa1 Rc8 16. Be3 Qa5 17. e5 dxe5 18. Qxb7 Rd8 19. Bxa7 Nf6 20. Bb6 Qd5 21. Qxd5 Rxd5 22. fxe5 Rxe5 23. a4 0-0 24. a5 Rb5 25. b4 Ra8 26. Bc5 e5 27. Ra4 Ne4 28. Be7 Rc8 29. h3 Nc3 30. Ra3 Nd5 31. Bd6 e4 32. Rb3 Rc3 33. Rb2 Rc4 34. a6 Nxb4 35. a7 Ra5 36. Rxb4 Rxb4 37. Bxb4 Rxa7 38. Kf2 f5 39. g3 Ra2+ 40. Ke3 Rb2 41. Bc5 Rb8 42. Kf4 h6 43. g4 g5+ 44. Kxf5 Rb5 45. Kxe4 Rxc5 46. Kf3 Kf7 47. Kg3 Rc3+ 48. Kg2 Ke6 49. Kh2 Ke5 50. h4 gxh4 51. Kg1 Kf4 52. Kh1 Kg3 53. Kg1 Rc1# 0-1